Govt. of
Madhya Pradesh

The Torrid Zone (Record no. 14980)

MARC details
000 -LEADER
fixed length control field 004780000a22001930004500
001 - CONTROL NUMBER
control field 003074
003 - CONTROL NUMBER IDENTIFIER
control field MACL
005 - DATE AND TIME OF LATEST TRANSACTION
control field 20151025132443.0
008 - FIXED-LENGTH DATA ELEMENTS--GENERAL INFORMATION
fixed length control field 151025b xxu||||| |||| 00| 0 eng d
040 ## - CATALOGING SOURCE
Original cataloging agency MACL
Transcribing agency MACL
041 ## - LANGUAGE CODE
Language code of text/sound track or separate title English
082 ## - DEWEY DECIMAL CLASSIFICATION NUMBER
Classification number 928/KUM
100 ## - MAIN ENTRY--PERSONAL NAME
Personal name Kumar, Shireen Imam
9 (RLIN) 16714
245 ## - TITLE STATEMENT
Title The Torrid Zone
Statement of responsibility, etc. Shireen Imam Kumar
260 ## - PUBLICATION, DISTRIBUTION, ETC. (IMPRINT)
Place of publication, distribution, etc. New Delhi
Date of publication, distribution, etc. 2001
Name of publisher, distributor, etc. Virgo Publications,
350 ## - PRICE (NR) (BK AM CF MU VM SE) [OBSOLETE]
Price 150
650 ## - SUBJECT ADDED ENTRY--TOPICAL TERM
Topical term or geographic name as entry element Biography
9 (RLIN) 16715
942 ## - ADDED ENTRY ELEMENTS (KOHA)
Call number prefix 928
Koha item type Books
Source of classification or shelving scheme
Holdings
Withdrawn status Lost status Source of classification or shelving scheme Damaged status Not for loan Home library Current library Date acquired Cost, normal purchase price Total Checkouts Full call number Barcode Date last seen Uniform Resource Identifier Price effective from Koha item type
          MACL MACL 15/04/2015 150.00   928/KUM CRE015335 02/05/2024 14869 15/04/2015 Books